Applied Calculus (Record no. 3804)

MARC details
005 - DATE AND TIME OF LATEST TRANSACTION
control field 20250612061107.0
020 ## - INTERNATIONAL STANDARD BOOK NUMBER
International Standard Book Number 13:978-0-07-305192-5/10:0-07-305192-6
082 ## - DEWEY DECIMAL CLASSIFICATION NUMBER
Classification number 515(dc 22)HOF
100 ## - MAIN ENTRY--PERSONAL NAME
Author name Hoffmann D. Laurence
245 ## - TITLE STATEMENT
Title Applied Calculus
250 ## - EDITION STATEMENT
Edition statement 9th Ed
260 ## - PUBLICATION, DISTRIBUTION, ETC.
Place of publication, distribution, etc. New york
Name of publisher, distributor, etc. McGraw-Hill/Irwin
Date of publication, distribution, etc. 2007
300 ## - PHYSICAL DESCRIPTION
Extent xxxii,1011p ill, table, figure
Other physical details index
Dimensions 27cm
700 ## - ADDED ENTRY--PERSONAL NAME
Other authors/Editors Bradley L. Gerald
942 ## - ADDED ENTRY ELEMENTS (KOHA)
Source of classification or shelving scheme Dewey Decimal Classification
Koha item type Books
Holdings
Date last seen Total checkouts Full call number Barcode Cost, replacement price Price effective from Koha item type Lost status Source of classification or shelving scheme Damaged status Not for loan Withdrawn status Home library Current library Shelving location Date acquired Cost, normal purchase price
06/12/2025   515(dc 22)HOF DOM000931 432000.00 06/12/2025 Books   Dewey Decimal Classification       CBE Dodoma CBE Dodoma General Collection 10/20/2009 144000.00
06/12/2025   515(dc 22)HOF DOM000929 432000.00 06/12/2025 Books   Dewey Decimal Classification       CBE Dodoma CBE Dodoma General Collection 10/20/2009 144000.00
06/12/2025   515(dc 22)HOF DOM000930 432000.00 06/12/2025 Books   Dewey Decimal Classification       CBE Dodoma CBE Dodoma General Collection 10/20/2009 144000.00
06/12/2025   515(dc 22)HOF DOM000932 432000.00 06/12/2025 Books   Dewey Decimal Classification       CBE Dodoma CBE Dodoma General Collection 10/20/2009 144000.00